• 首页
  • 本馆介绍
  • 公告通知
  • 最新文献
  • 馆藏检索
  • 电子资源
  • 读者导购
  • 参考咨询
  • 我的图书馆
  • 登录
  • 详细信息显示
  • 放入我的书架
  • 预约/预借图书
  • 作者相关作品
  • 分类相关作品
  • 丛书相关作品
  • 出版社相关作品

书目信息

  • 表格格式
  • 工作单格式
  • 卡片格式
题名:
嵊州吹打
    
 
作者: 卢芹娟 , 黄士波 编著
分册:  
出版信息: 杭州   浙江摄影出版社  2009
页数: 149页, [1] 叶图版
开本: 22cm
丛书名: 浙江省非物质文化遗产代表作丛书
单 册:
中图分类: J632.6 , J632
科图分类:
主题词: 吹打音乐--简介--嵊州市
电子资源:
ISBN: 978-7-80686-772-3
000 01016nam 2200277 450
001 2368433833
005 20231211190049.13
010    @a978-7-80686-772-3@dCNY42.00
100    @a20231024d2009 em y0chiy50 ea
101 0  @achi
102    @aCN@b330000
105    @aacfgz 000yy
200 1  @a嵊州吹打@Asheng zhou chui da@f卢芹娟, 黄士波编著
210    @a杭州@c浙江摄影出版社@d2009
215    @a149页, [1] 叶图版@c图 (部分彩图), 肖像, 乐谱@d22cm
225 2  @a浙江省非物质文化遗产代表作丛书@Azhe jiang sheng fei wu zhi wen hua yi chan dai biao zuo cong shu
300    @a第一批国家级非物质文化遗产浙江省项目
330    @a本书介绍了嵊州吹打的发展历史、表演形式、吹打乐器和民间习俗, 同时, 详细解读了大辕门、十番等经典嵊州吹打乐曲。
410  0 @12001 @a浙江省非物质文化遗产代表作丛书
606 0  @a吹打音乐@x简介@y嵊州市
690    @aJ632.6@v5
690    @aJ632@v4
701  0 @a卢芹娟@Alu qin juan@4编著
701  0 @a黄士波@Ahuang shi bo@4编著
801  0 @aCN@b湖北三新@c20231024
905    @aBZT@dJ632@e17
    
    嵊州吹打/卢芹娟, 黄士波编著.-杭州:浙江摄影出版社,2009
    149页, [1] 叶图版:图 (部分彩图), 肖像, 乐谱;22cm.-(浙江省非物质文化遗产代表作丛书)
    第一批国家级非物质文化遗产浙江省项目
    
    ISBN 978-7-80686-772-3:CNY42.00
    本书介绍了嵊州吹打的发展历史、表演形式、吹打乐器和民间习俗, 同时, 详细解读了大辕门、十番等经典嵊州吹打乐曲。
●
相关链接 在五车中查询图书 在当当中查询图书 在豆瓣中查询图书


正题名:嵊州吹打     索取号:J632/17         预约/预借

序号 登录号 条形码 馆藏地/架位号 状态 备注
1 2001443754   2001443754   516书库/ [索取号:J632/17] 在馆    
2 2001443755   2001443755   516书库/ [索取号:J632/17] 在馆    
3 2001443756   2001443756   516书库/ [索取号:J632/17] 在馆    
4 2001443757   2001443757   516书库/ [索取号:J632/17] 在馆    
5 2001443758   2001443758   516书库/ [索取号:J632/17] 在馆    
6 2001443759   2001443759   516书库/ [索取号:J632/17] 在馆    
7 2001443760   2001443760   516书库/ [索取号:J632/17] 在馆    
8 2001443761   2001443761   516书库/ [索取号:J632/17] 在馆    
9 2001443762   2001443762   516书库/ [索取号:J632/17] 在馆    
10 2001443763   2001443763   516书库/ [索取号:J632/17] 在馆    
山东省滨州职业学院图书馆 欢迎您!
大连网信软件有限公司© 版权所有